Sports Quiz

Random Sports or Basketball Quiz
Score 0/150 Timer 15:00
4 Plays Today
Team Player % Correct
Cleveland CavaliersLeBron James
94.5%
Los Angeles LakersK. Bryant/S. Parker
93.5%
Los Angeles LakersK. Bryant/G. Payton
92.7%
Los Angeles LakersKobe Bryant
92.1%
Minnesota TimberwolvesKevin Garnett
90.4%
Minnesota TimberwolvesKevin Garnett
90.4%
Miami HeatA. Mourning/S. O'Neal/B. Grant
90.2%
Los Angeles LakersShaquille O'Neal
89.7%
Los Angeles LakersShaquille O'Neal
89.7%
Boston CelticsPaul Pierce
89.6%
Indiana PacersT. Murphy/J. O'Neal
87.5%
Indiana PacersJermaine O'Neal
87.4%
Indiana PacersJermaine O'Neal
87.4%
Miami HeatDwyane Wade
84.2%
Miami HeatDwyane Wade
84.2%
Dallas MavericksDirk Nowitzki
84.2%
Denver NuggetsAllen Iverson
84%
Philadelphia 76ersAllen Iverson
84%
Philadelphia 76ersAllen Iverson
84%
San Antonio SpursTim Duncan
83.2%
San Antonio SpursTim Duncan
83.2%
Phoenix SunsSteve Nash
83%
San Antonio SpursTony Parker
82.4%
San Antonio SpursTony Parker
82.4%
Charlotte BobcatsJ. Richardson/G. Wallace
81.6%
Toronto RaptorsV. Carter/C. Villanueva
81.3%
New Jersey NetsVince Carter
81.2%
Chicago BullsBen Wallace
80.9%
Detroit PistonsBen Wallace
80.9%
Detroit PistonsBen Wallace
80.9%
Oklahoma City ThunderRay Allen
80.8%
Houston RocketsTracy McGrady
80.3%
Orlando MagicTracy McGrady
80.3%
Dallas MavericksJason Kidd
80%
New Jersey NetsJason Kidd
80%
Houston RocketsD. Mutombo/Y. Ming
79.8%
New Orleans HornetsChris Paul
79.6%
New Orleans HornetsChris Paul
79.6%
Atlanta HawksJoe Johnson
76.3%
Utah JazzDeron Williams
76.3%
Memphis GrizzliesJason Williams
76.2%
New Jersey NetsSean Williams
76%
Orlando MagicDwight Howard
76%
Orlando MagicDwight Howard
76%
Boston CelticsRajon Rondo
74%
Boston CelticsRajon Rondo
74%
Memphis GrizzliesP. Gasol/S. Swift
73.2%
Houston RocketsYao Ming
72.2%
Minnesota TimberwolvesChauncey Billups
71.8%
Golden State WarriorsBaron Davis
70.7%
Team Player % Correct
Los Angeles ClippersBaron Davis
70.7%
Washington WizardsG. Arenas/J. Dixon
70.5%
Washington WizardsGilbert Arenas
70.5%
Phoenix SunsAmare Stoudemire
69.9%
Los Angeles ClippersE. Brand/Q. Richardson
69.7%
Atlanta HawksJosh Smith
69.1%
Oklahoma City ThunderGary Payton
67.7%
Sacramento KingsD. Christie/C. Webber
67%
San Antonio SpursManu Ginobili
66.9%
Sacramento KingsChris Webber
66.8%
Sacramento KingsChris Webber
66.8%
Atlanta HawksDikembe Mutombo
65.5%
New York KnicksDikembe Mutombo
65.5%
Philadelphia 76ersDikembe Mutombo
65.5%
Los Angeles ClippersC. Mobley/A. Miller
65.4%
Cleveland CavaliersAndre Miller
64.8%
Cleveland CavaliersAndre Miller
64.8%
Philadelphia 76ersAndre Miller
64.8%
Memphis GrizzliesMike Miller
64.8%
New Jersey NetsR. Jefferson/K. Martin
63.3%
Milwaukee BucksMichael Redd
62.7%
Oklahoma City ThunderRussell Westbrook
59.9%
Chicago BullsJ. Noah/T. Thomas
58.1%
Portland Trail BlazersBrandon Roy
56.9%
Miami HeatAlonzo Mourning
56.7%
Phoenix SunsShawn Marion
56.7%
Phoenix SunsShawn Marion
56.7%
Boston CelticsAl Jefferson
55.4%
Minnesota TimberwolvesAl Jefferson
55.4%
Charlotte BobcatsStephen Jackson
54.7%
Boston CelticsKendrick Perkins
54.3%
Utah JazzCarlos Boozer
53.1%
New Orleans HornetsTyson Chandler
52.9%
Denver NuggetsK. Martin/G. Buckner/R. Bowen
52.5%
Cleveland CavaliersZydrunas Ilgauskas
51.2%
Cleveland CavaliersZydrunas Ilgauskas
51.2%
Golden State WarriorsAntawn Jamison
49.9%
Washington WizardsAntawn Jamison
49.9%
Memphis GrizzliesM. Conley/E. Jones
48.5%
New Jersey NetsC. Lee/D. Harris
46.4%
Orlando MagicJameer Nelson
43.2%
Milwaukee BucksAndrew Bogut
42.5%
New York KnicksAllan Houston
42%
Utah JazzAndrei Kirilenko
41.8%
Utah JazzAndrei Kirilenko
41.8%
Charlotte BobcatsEmeka Okafor
41.8%
Charlotte BobcatsEmeka Okafor
41.8%
Denver NuggetsMarcus Camby
40.3%
Denver NuggetsMarcus Camby
40.3%
Los Angeles ClippersMarcus Camby
40.3%
Team Player % Correct
Indiana PacersJ. Tinsley/R. Artest
39.5%
Chicago BullsJamal Crawford
38.5%
Detroit PistonsJerry Stackhouse
38.5%
Chicago BullsKirk Hinrich
36.8%
Los Angeles ClippersC. Kaman/L. Odom
35.6%
Chicago BullsRon Artest
34.7%
Portland Trail BlazersDamon Stoudamire
33.1%
Indiana PacersJamaal Tinsley
30.6%
Dallas MavericksMichael Finley
28.3%
Washington WizardsB. Haywood/M. Ruffin/J. White
27.8%
Dallas MavericksErick Dampier
27.7%
Utah JazzMehmet Okur
27.7%
Atlanta HawksShareef Abdur-Rahim
27.4%
New Orleans HornetsJamal Mashburn
24.7%
Golden State WarriorsC. Watson/S. Claxton/E. Boykins/L. Hughes
22.5%
Toronto RaptorsJose Calderon
22.3%
Philadelphia 76ersSamuel Dalembert
21.4%
Dallas MavericksShawn Bradley
19.3%
Golden State WarriorsAndris Biedrins
18.7%
Portland Trail BlazersJ. Przybilla/T. Ratliff
17.7%
Oklahoma City ThunderChris Wilcox
16.9%
Houston RocketsRafer Alston
16.4%
Detroit PistonsAntonio McDyess
14.3%
Miami HeatMario Chalmers
14.2%
Charlotte BobcatsBrevin Knight
14%
Detroit PistonsWill Bynum
13.8%
Toronto RaptorsMorris Peterson
13.7%
Oklahoma City ThunderCalvin Booth
13.1%
New York KnicksChris Duhon
11.7%
Atlanta HawksSpeedy Claxton
11.3%
Portland Trail BlazersJoel Przybilla
9.4%
Portland Trail BlazersSteve Blake
9.3%
Milwaukee BucksRamon Sessions
9.2%
Phoenix SunsTony Delk
9%
Orlando MagicDarrell Armstrong
8.1%
Golden State WarriorsAdonal Foyle
7.2%
Memphis GrizzliesLorenzen Wright
7.2%
Minnesota TimberwolvesRasho Nesterovic
5.4%
Sacramento KingsKeon Clark
5.2%
Toronto RaptorsKeon Clark
5.2%
Sacramento KingsBeno Udrih
5.1%
Toronto RaptorsDonyell Marshall
4.8%
Washington WizardsAntonio Daniels
4.5%
Milwaukee BucksRuben Patterson
3.7%
Milwaukee BucksDan Gadzuric
3.3%
New Orleans HornetsElden Campbell
2.5%
New York KnicksClarence Weatherspoon
2.1%
Houston RocketsMoochie Norris
1.7%
New York KnicksSergio Rodriguez
1.5%
Denver NuggetsGeorge McCloud
1.2%
Remove Ads.
Support Sporcle.
Get the best of Sporcle when you Go Orange. This ad-free experience offers more features, more stats, and more fun while also helping to support Sporcle. Thank you for becoming a member.

You're not logged in!

Compare scores with friends on all Sporcle quizzes.
OR
Log In

Show Comments

Extras

Top Quizzes Today


Score Distribution

Your Account Isn't Verified!

In order to create a playlist on Sporcle, you need to verify the email address you used during registration. Go to your Sporcle Settings to finish the process.

Report this User

Report this user for behavior that violates our Community Guidelines.

Details: